|
|
|
|
| LEADER |
00000nam0a2200000 4500 |
| 001 |
335155 |
| 005 |
20231102004727.0 |
| 010 |
|
|
|a 9785160133324
|
| 010 |
|
|
|a 978-5-7638-2194-9
|
| 035 |
|
|
|a (RuTPU)RU\TPU\book\361499
|
| 090 |
|
|
|a 335155
|
| 100 |
|
|
|a 20170915d2018 m y0rusy50 ca
|
| 101 |
0 |
|
|a rus
|
| 102 |
|
|
|a RU
|
| 105 |
|
|
|a a j 001zy
|
| 200 |
1 |
|
|a Основы эксплуатации горных машин и оборудования
|e учебное пособие
|f Сибирский федеральный университет (СФУ) ; под ред. А. В. Гилёва
|
| 210 |
|
|
|a Москва
|c Инфра-М
|a Красноярск
|c Изд-во СФУ
|d 2018
|
| 215 |
|
|
|a 273 с.
|c ил.
|
| 225 |
1 |
|
|a Высшее образование - Бакалавриат
|
| 320 |
|
|
|a Библиогр.: с. 268-269
|
| 330 |
|
|
|a В учебном пособии рассмотрены основные положения надежности горной техники и ее эксплуатации. Приведены сведения о смазочных материалах и системах смазки, даны основные понятия о разрушении, изнашивании деталей и узлов машин, методах и средствах их диагностики. Представлены системы и методы технического обслуживания и ремонта горной техники, приведены основные принципы управления механической службой горного предприятия.
|
| 606 |
1 |
|
|a Горные машины
|x Эксплуатация
|2 stltpush
|3 (RuTPU)RU\TPU\subj\7865
|9 35389
|
| 610 |
1 |
|
|a горная техника
|
| 610 |
1 |
|
|a надежность
|
| 610 |
1 |
|
|a горное оборудование
|
| 610 |
1 |
|
|a смазочные материалы
|
| 610 |
1 |
|
|a системы смазки
|
| 610 |
1 |
|
|a детали
|
| 610 |
1 |
|
|a узлы
|
| 610 |
1 |
|
|a разрушение
|
| 610 |
1 |
|
|a износ
|
| 610 |
1 |
|
|a техническая диагностика
|
| 610 |
1 |
|
|a неразрушающий контроль
|
| 610 |
1 |
|
|a радиационный контроль
|
| 610 |
1 |
|
|a акустико-эмиссионная диагностика
|
| 610 |
1 |
|
|a вихретоковые методы
|
| 610 |
1 |
|
|a учебные пособия
|
| 675 |
|
|
|a 622.002.5.004(075.8)
|v 4
|
| 702 |
|
1 |
|a Гилёв
|b А. В.
|4 340
|
| 712 |
0 |
2 |
|a Сибирский федеральный университет (СФУ)
|c (Красноярск)
|2 stltpush
|3 (RuTPU)RU\TPU\col\11098
|
| 801 |
|
1 |
|a RU
|b 63413507
|c 20170915
|
| 801 |
|
2 |
|a RU
|b 63413507
|c 20190606
|g RCR
|
| 942 |
|
|
|c BK
|
| 959 |
|
|
|a 1/20170109
|d 3
|e 770,00
|f ЧЗТЛ:1
|f УФ:2
|